000 00511nam a2200169 a 4500
001 000034785
005 20200930073912.0
008 111019s1984 nyu 000 0 spa d
020 _a0449207269
040 _aDO-SdBNP
_bspa
_cBNPHU
082 _axxx
_bM152r
100 1 _aMacInnes, Helen
_960278
245 1 0 _aRide a pale horse /
_cHelen MacInnes.
260 _aNew York :
_bFawcett Crest,
_c1984.
300 _a369 p. ;
_c18 cm.
590 _aPerteneció a la biblioteca personal de Juan Isidro Jimenes Grullón.
999 _c34276
_d34276